Regiones y ciudades ante la Unión Europea : la Declaración de Amsterdam de la Cumbre Europea de Regiones y Ciudades, y otros documentos la Declaración de Amsterdam de la Cumbre Europea de Regiones y Ciudades, y otros documentos
Descripción Física:
123 p. ; 30 cm
Colección:
Documents Pi i Sunyer ; 1
MARC
| LEADER | 00000nam a2200000Ia 4500 | ||
|---|---|---|---|
| 001 | 19085 | ||
| 008 | 160829s1997 xx 000 0 cat d | ||
| 080 | |a M-3-268 | ||
| 245 | |a Regiones y ciudades ante la Unión Europea : |b la Declaración de Amsterdam de la Cumbre Europea de Regiones y Ciudades, y otros documentos | ||
| 260 | |a Barcelona : |b Fundació Carles Pi i Sunyer d'Estudis Autonòmics i Locals, |c 1997 | ||
| 300 | |a 123 p. ; |c 30 cm | ||
| 490 | |a Documents Pi i Sunyer ; 1 | ||
| 650 | 0 | |a Administració local |z Unió Europea |9 44839 | |
| 650 | |a Administració regional |x Unió Europea |9 44840 | ||
| 710 | 1 | |a Fundació Carles Pi i Sunyer d'Estudis Autonòmics i Locals |9 52753 | |
| 901 | |a Arxiu | ||
| 942 | |n 1 | ||
| 952 | |0 0 |1 0 |4 0 |6 M3268 |7 1 |9 52205 |a Arxiu |b Arxiu |d 2016-12-01 |l 0 |o M-3-268 |p 19085 |r 2016-12-01 00:00:00 |w 2016-12-01 |y ARXIU | ||
| 999 | |c 56053 |d 56053 | ||